[Event "4th Paytakht Cup 2019"]
[Site "Tehran"]
[Date "2019.11.04"]
[Round "6.10"]
[White "Bashirli, Nail"]
[Black "Hosseinzadeh, Nima"]
[Result "0-1"]
[WhiteElo "2383"]
[BlackElo "2247"]
[Annotator "TA"]
[PlyCount "60"]
[EventDate "2019.10.30"]
[EventType "swiss"]
[EventCountry "IRI"]
[SourceTitle "playchess.com"]
[Source "ChessBase"]
[SourceQuality "1"]

{[%evp 10,60,-2,-31,-26,-107,-108,-117,-127,-253,-239,-233,-237,-277,-255,-271,-241,-330,-344,-337,-329,-338,-325,-473,-472,-471,-452,-442,-460,-476,-468,-488,-471,-502,-499,-626,-626,-626,-619,-717,-684,-862,-857,-1389,-1380,-1345,-1315,-5435,-5237,-29988,-29989,-29990,-29991]} 1. e4 e5 2. Nf3 Nc6 3. Nc3 Nf6 4. Bb5 Nd4 5. Ba4 c6 6. O-O a5 {C48: Four Knights: 4 Bb5, replies other than 4...Bb4} 7. Nxe5 (7. a3 $11 {keeps the balance.}) (7. Bb3 d6 8. Nxd4 exd4 9. Ne2 a4 10. Bc4 Nxe4 11. Re1 d5 12. Bd3 Be7 13. Nxd4 O-O 14. c3 {½-½ (42) Gan Erdene,S (2408)-Batchuluun,T (2535) Changsha 2019}) 7... d6 $17 8. Nf3 {[#]} Bg4 $1 {Black is better.} 9. Nd5 $146 (9. d3 $17) ({Predecessor:} 9. a3 Nd7 10. Re1 Ne5 11. Re3 b5 12. Bb3 Qf6 13. Qf1 Nexf3+ 14. gxf3 Bxf3 {1-0 (35) Kamer,K (2205)-Sibashvili,G (2425) Manavgat 2018}) 9... Bxf3 $19 (9... Nxd5 10. exd5 Bxf3 11. gxf3 $17) ({Weaker is} 9... b5 10. Nxd4 Bxd1 11. Nxc6 $14) 10. gxf3 {[#]} b5 $1 ({Less strong is} 10... Nxd5 11. exd5 Qg5+ 12. Kh1 $15) 11. c3 cxd5 12. cxd4 bxa4 13. e5 Nh5 14. d3 dxe5 15. Re1 Be7 16. dxe5 (16. Qxa4+ $142 Qd7 17. b3) 16... O-O 17. f4 g6 18. f5 Bb4 19. Rf1 Qd7 20. a3 Bc5 21. d4 Bb6 22. f6 Qf5 23. Be3 Rac8 24. f4 Rc4 25. Rc1 Rfc8 {Hoping for ...Rxc1.} 26. Rc3 Rxc3 27. bxc3 Rxc3 {[%mdl 64] Double Attack} 28. Qxa4 Nxf6 29. Rf3 Ng4 30. e6 Qxe6 {Accuracy: White = 24%, Black = 98%.} 0-1